El autismo como trastorno de la función ejecutiva / (Record no. 189388)
[ view plain ]
| 000 -LEADER | |
|---|---|
| campo de control de longitud fija | 00744nam a2200241 i 4500 |
| 001 - NÚMERO DE CONTROL | |
| campo de control | 189388 |
| 003 - IDENTIFICADOR DE NÚMERO DE CONTROL | |
| campo de control | SpMaBN |
| 005 - FECHA Y HORA DE LA ÚLTIMA TRANSACCIÓN | |
| campo de control | 20230906223448.0 |
| 008 - DATOS DE LONGITUD FIJA--INFORMACIÓN GENERAL | |
| campo de control de longitud fija | 190529s1999 sp d |||| | spa d |
| 020 ## - NÚMERO INTERNACIONAL ESTÁNDAR DEL LIBRO | |
| Número Internacional Estándar del Libro | 84-7903-494-7 |
| 080 ## - NÚMERO DE LA CLASIFICACIÓN DECIMAL UNIVERSAL | |
| Número de la Clasificación Decimal Universal | 616.89 |
| 100 1# - ENTRADA PRINCIPAL--NOMBRE DE PERSONA | |
| Nombre de persona | Russell, James ( |
| Fechas asociadas al nombre | 1948-) |
| 9 (RLIN) | 167146 |
| 245 13 - MENCIÓN DEL TÍTULO | |
| Título | El autismo como trastorno de la función ejecutiva / |
| Mención de responsabilidad, etc. | James Russell ; [traducción, José Manuel Igoa]. |
| 260 ## - PUBLICACIÓN, DISTRIBUCIÓN, ETC. | |
| Lugar de publicación, distribución, etc. | Madrid : |
| Nombre del editor, distribuidor, etc. | Médica Panamericana, |
| Fecha de publicación, distribución, etc. | [1999] |
| 300 ## - DESCRIPCIÓN FÍSICA | |
| Extensión | VIII, 347 p. ; |
| Dimensiones | 23 cm. |
| 490 1# - MENCIÓN DE SERIE | |
| Mención de serie | Ciencias cognitivas |
| 500 ## - NOTA GENERAL | |
| Nota general | Índices. |
| 504 ## - NOTA DE BIBLIOGRAFÍA, ETC. | |
| Nota de bibliografía, etc. | Bibliografía: p. [297]-335. |
| 650 07 - PUNTO DE ACCESO ADICIONAL DE MATERIA--TÉRMINO DE MATERIA | |
| Término de materia o nombre geográfico como elemento de entrada | Autismo. |
| 9 (RLIN) | 10418 |
| 830 0# - PUNTO DE ACCESO ADICIONAL DE SERIE-TÍTULO UNIFORME | |
| Título uniforme | Ciencias cognitivas |
| 9 (RLIN) | 225821 |
| 852 ## - LOCALIZACIÓN | |
| Ubicación | ES-MaACL |
| Número de control de estantería | L-32394 |
| Estatus retirado | Estado de pérdida | Estado de daño | No para préstamo | Biblioteca de origen | Biblioteca actual | Ubicación en estantería | Fecha de adquisición | Fuente de adquisición | Total de préstamos | Signatura topográfica completa | Código de barras | Visto por última vez | Precio de reemplazo | Tipo de ítem Koha |
|---|---|---|---|---|---|---|---|---|---|---|---|---|---|---|
| Biblioteca del Ateneo de Madrid | Biblioteca del Ateneo de Madrid | Depósito 2 | 29/05/2019 | L-32394 | 1200658 | 23/02/2023 | 23/02/2023 | Libro impreso |
